| 000 | 00725nam a22002537a 4500 | ||
|---|---|---|---|
| 001 | 28526 | ||
| 003 | UA-OsUOA | ||
| 005 | 20211210211401.0 | ||
| 007 | ta | ||
| 008 | 20050405b un ||||| |||| 00| 0 ukr d | ||
| 020 | _a966-311-007-4 | ||
| 040 |
_aUA-OsUOA _bukr _cUA-OsUOA _dUA-OsUOA |
||
| 041 | _aukr | ||
| 044 | _aUA | ||
| 080 | _a336.14(477+100)(091) | ||
| 090 |
_a336.14(477+100)(091) _bП19 |
||
| 100 | _aПасічник Ю. В. | ||
| 245 |
_aБюджетна система України та зарубіжних країн _bнавч. посіб. |
||
| 260 |
_aК. _bЗнання-Прес _c2003 |
||
| 300 | _a523 с. | ||
| 650 | 7 |
_a1 Філософські науки _2UDC |
|
| 942 |
_cBK _2udc |
||
| 955 | _a2 | ||
| 999 |
_c314895 _d314895 |
||